Central Library OPAC University of Rajshahi

Japanese religion : (Record no. 57073)

MARC details
000 -LEADER
fixed length control field 00892nam a2200253 a 4500
001 - CONTROL NUMBER
control field 57073
003 - CONTROL NUMBER IDENTIFIER
rucl marc code BD-RjUL
005 - DATE AND TIME OF LATEST TRANSACTION
control field 20211209080450.0
008 - FIXED-LENGTH DATA ELEMENTS--GENERAL INFORMATION
fixed length control field 161205s1972 ja a 001 0 eng
020 ## - INTERNATIONAL STANDARD BOOK NUMBER
International Standard Book Number 0870111833
035 ## - SYSTEM CONTROL NUMBER
System control number (BD-RjUL)
040 ## - CATALOGING SOURCE
Original cataloging agency DLC
Transcribing agency DLC
Modifying agency DLC
Language of cataloging eng
041 1# - LANGUAGE CODE
Language code of text/sound track or separate title eng
Language code of original jpn
082 00 - DEWEY DECIMAL CLASSIFICATION NUMBER
Classification number 200.952
Edition number 23
Author mark and year JAP 1972
245 01 - TITLE STATEMENT
Title Japanese religion :
Remainder of title A survey by the Agency for Cultural Affairs /
Statement of responsibility, etc. [Contributors: Arai Ken and others. Translators: Abe Yoshiya and David Reid. Editors: Hori Ichiro and others]
260 ## - PUBLICATION, DISTRIBUTION, ETC. (IMPRINT)
Place of publication, distribution, etc. Tokyo;
-- Palo Alto [Calif.] :
Name of publisher, distributor, etc. Kodansha International,
Date of publication, distribution, etc. 1971 [Reprinted1972]
300 ## - PHYSICAL DESCRIPTION
Pagination 272 p. :
Illustrations illus. ;
Size 22 cm.
500 ## - GENERAL NOTE
General note Text on lining papers.
651 #0 - SUBJECT ADDED ENTRY--GEOGRAPHIC NAME
Geographic name Japan
General subdivision Religion.
9 (RLIN) 169354
700 1# - ADDED ENTRY--PERSONAL NAME
Personal name Hori, Ichirō,
Dates associated with a name 1910-1974,
Relator term ed.
710 1# - ADDED ENTRY--CORPORATE NAME
Corporate name or jurisdiction name as entry element Japan.
Subordinate unit Bunkachō.
9 (RLIN) 169555
942 ## - ADDED ENTRY ELEMENTS (KOHA)
Source of classification or shelving scheme Dewey Decimal Classification
Koha item type Books
Holdings
Lost status Source of classification or shelving scheme Damaged status Not for loan Collection code Permanent Location Current Location Shelving location Date acquired Source of acquisition Total Checkouts Full call number Date last seen Copy number Koha item type
  Dewey Decimal Classification   Not For Loan Non-fiction Central Library, University of Rajshahi Central Library, University of Rajshahi Reading Room 26/04/1979 Tulip Enterprise, Dhaka   200.952 JAP 1972 05/12/2016 C-1 Books